UK greenhouse gas emissions (Record no. 106607)

MARC details
000 -LEADER
fixed length control field 01088cam a2200217 4500
001 - CONTROL NUMBER
control field L137029
008 - FIXED-LENGTH DATA ELEMENTS--GENERAL INFORMATION
fixed length control field 070312s2007 xxk f 000 0 eng d
035 ## - SYSTEM CONTROL NUMBER
System control number (Sirsi) u137029
041 0# - LANGUAGE CODE
Language code of text/sound track or separate title eng
050 04 - LIBRARY OF CONGRESS CALL NUMBER
Classification number 333.72 $2 18
110 2# - MAIN ENTRY--CORPORATE NAME
Corporate name or jurisdiction name as entry element UCL Environment Institute
9 (RLIN) 5140
245 00 - TITLE STATEMENT
Title UK greenhouse gas emissions
Remainder of title are we on target?
Medium {electronic resource]
260 ## - PUBLICATION, DISTRIBUTION, ETC.
Place of publication, distribution, etc. London
Name of publisher, distributor, etc. UCL
Date of publication, distribution, etc. 2007
505 2# - FORMATTED CONTENTS NOTE
Formatted contents note Energy supply sector -- Business sector -- Transport sector -- Domestic sector.
520 ## - SUMMARY, ETC.
Summary, etc. Provides a historic policy audit to assess whether government policies have been able to reduce carbon emissions since their introduction. Assesses the current portfolio of policies in terms of whether they will deliver significant reductions in the future. Focuses on the carbon reduction targets of the UK government for 2012 and 2020.
590 ## - LOCAL NOTE (RLIN)
Local note KA
651 #4 - SUBJECT ADDED ENTRY--GEOGRAPHIC NAME
Geographic name United Kingdom
Chronological subdivision
690 ## - LOCAL SUBJECT ADDED ENTRY--TOPICAL TERM (OCLC, RLIN)
Topical term or geographic name as entry element ENVIRONMENTAL AND LAND CONSULTANCY-SUSTAINABILITY
856 48 - ELECTRONIC LOCATION AND ACCESS
Uniform Resource Identifier <a href="https://www.ucl.ac.uk/news/news-articles/0703/07030502">https://www.ucl.ac.uk/news/news-articles/0703/07030502</a>
Public note View the report free of charge at www.ucl.ac.uk...
942 ## - ADDED ENTRY ELEMENTS (KOHA)
Suppress in OPAC 0
Holdings
Withdrawn status Lost status Source of classification or shelving scheme Damaged status Not for loan Home library Current library Shelving location Date acquired Total Checkouts Full call number Barcode Date last seen Copy number Price effective from Koha item type
    Dewey Decimal Classification     Virtual Virtual Online 12/03/2007   ONLINE PUBLICATION 137029-1001 06/08/2019 1 06/08/2019 Book